[Event "Labour Day"]
[Site "Adelaide"]
[Date "2005.10.02"]
[Round "6.2"]
[White "Ross, Bill"]
[Black "Juszczynski, Mathew"]
[Result "0-1"]
[Annotator "Fritz 9"]
[BlackElo "1768"]
[EventCountry "AUS"]
[EventDate "2005.10.01"]
[EventRounds "7"]
[EventType "swiss"]
[PlyCount "82"]
[WhiteElo "1435"]

{ B23: Closed Sicilian: Lines without g3 } 1. e4 c5 2. Nc3 Nc6 3. f4 g6 4. Nf3
Bg7 5. Bb5 Nd4 6. O-O Nxb5 7. Nxb5 a6 8. Nc3 e6 ( 8... b5 9. Qe1 Bb7 10. d3 d6
11. Rb1 Nf6 12. Qh4 Qd7 13. h3 h6 14. Bd2 g5 15. Qe1 g4 16. hxg4 Qxg4 17. Nd1
Nh5 18. Qh4 Bd4+ 19. Ne3 Qxh4 20. Nxh4 Ng3 21. Rf3 Rg8 22. Kf2 Bf6 23. Nhf5 {
Kovacevic,P  (  2385  )  -Marcetic,N  (  2330  )  /Niksic 1997/CBM 059 ext/1-0 
(  58  )}  )9. d3 Ne7 10. Bd2 $146 ( 10. Qe1 d6 ( 10... d5 11. e5 h5 12. Qf2 b6
13. a4 Nc6 { 1/2-1/2 Steil Antoni,F  (  1956  )  -Atnilov,B  (  2153  ) 
/Belfort 2005/CBM 107 ext}  )11. Qh4 O-O 12. Ng5 h6 13. Nf3 f5 14. e5 d5 15. g4
Bd7 16. Qg3 Be8 17. h3 d4 18. Ne2 fxg4 19. hxg4 Bc6 20. Rf2 Qd5 21. Qh4 Rad8
22. Kf1 g5 23. Qh5 Rf7 24. Ng3 gxf4 { Novovic,V  (  1824  ) 
-Sindjelic,M/Belgrade 2005/CBM 107 ext/0-1  (  65  )}  )( 10. Be3 Qc7 11. e5
Nd5 12. Nxd5 exd5 13. c4 d4 14. Bf2 O-O 15. Re1 d6 16. h3 dxe5 17. fxe5 b6 18.
Bg3 Bb7 19. Kh2 Qc6 20. Qd2 Rae8 21. Re2 Qc8 22. Rae1 Qf5 23. Rf2 Qc8 24. Ng5
f6 { Khachian,M  (  2370  )  -Borg,A  (  2150  )  /Panormo 1998/CBM 067 ext/1-0
 (  37  )}  )( 10. Be3 d6 $14 )10... O-O 11. Qe1 d5 12. Rb1 b5 13. Qh4 b4 {
Black threatens to win material: b4xc3}  ( 13... Bb7 14. e5 $11 )14. Ne2 ( 14.
Na4 Qc7 $14 )14... Bb7 $11 15. f5 ( 15. e5 $5 $11 { is noteworthy} )15... exf5
$15 { Black has new doubled pawns: f5+f7}  16. Bh6 f6 ( 16... dxe4 $5 { should
be considered}  17. dxe4 Re8 ( 17... fxe4 18. Ng5 Nf5 19. Rxf5 gxf5 20. Bxg7
Kxg7 21. Ng3 Qd4+ 22. Kh1 $16 )( 17... Bxe4 $6 18. Bxg7 Kxg7 19. Ng5 $11 )18.
Bxg7 Kxg7 $17 )17. Bxg7 $11 Kxg7 18. e5 Nc6 19. exf6+ ( 19. Nf4 $5 $142 { is
interesting}  19... Qd7 20. exf6+ Rxf6 21. Rbe1 $14 )19... Qxf6 $15 20. Qxf6+ (
20. Qf2 Rae8 $17 )20... Rxf6 ( 20... Kxf6 21. Nf4 Rad8 22. Rbe1 $19 )21. Nf4
$17 Rd8 22. Rbe1 Rdd6 ( 22... Bc8 23. h4 $17 )23. Ng5 ( 23. Re8 $5 { might be a
viable alternative}  23... Kh6 24. h4 $11 )23... Bc8 $17 24. Rf2 h6 25. Nf3 Kf7
( 25... Rf8 26. h4 $17 )26. Ne5+ Nxe5 27. Rxe5 Be6 28. Rfe2 ( 28. h4 Ke7 $15
)28... g5 29. Nxe6 Rdxe6 { A double rook endgame occured}  30. Kf2 Rd6 31. Re7+
Kg6 32. Rc7 Rc6 33. Rce7 f4 34. Re8 Kh5 35. R2e5 Rfd6 36. Rf8 c4 37. Rxf4 cxd3
38. g4+ $4 { an oversight. But White was lost anyway.}  ( 38. cxd3 $5 $142 Rc2+
39. Kg3 Rxb2 40. h4 $17 )38... Kh4 ( 38... Kg6 $142 { makes it even easier for
Black}  39. cxd3 gxf4 $19 )39. Rf3 $4 { White crumbles in face of a dire
situation}  ( 39. cxd3 Rc2+ 40. Kf3 Rxb2 41. Rd4 Rxh2 42. Rxb4 Rh3+ 43. Ke2 $19
)39... dxc2 40. Ree3 c1=Q 41. Rh3+ Kxg4 ( 41... Kxg4 42. Reg3+ Kf5 43. Rf3+ Kg6
44. Rxh6+ Kxh6 45. Rh3+ Kg6 46. Rb3 Rc2+ 47. Kg3 Qg1+ 48. Kh3 Rxh2# ) 0-1

[Event "Labour Day"]
[Site "Adelaide"]
[Date "2005.10.02"]
[Round "6.4"]
[White "Jelic, Mato"]
[Black "Eustace, Sophie"]
[Result "1-0"]
[Annotator "Fritz 9"]
[BlackElo "1153"]
[EventCountry "AUS"]
[EventDate "2005.10.01"]
[EventRounds "7"]
[EventType "swiss"]
[PlyCount "91"]
[WhiteElo "1701"]

{ D06: Queen's Gambit: Symmetrical and Baltic Defences } 1. d4 d5 2. c4 Nf6 3.
cxd5 Nxd5 4. e4 Nb6 5. Nc3 Nc6 ( 5... c6 6. Nf3 N8d7 7. Be2 g6 8. O-O Bg7 9.
Be3 O-O 10. Qd2 Nf6 11. h3 Be6 12. e5 Ne8 13. Bh6 Nd5 14. Ne4 f5 15. Nc5 Qc8
16. Rac1 f4 17. Bxg7 Nxg7 18. Ng5 h6 19. Ngxe6 Nxe6 20. Bg4 { Bacrot,E  (  2649
 )  -Colin,C/Aubervilliers 2002/CBM 086 ext/1/2-1/2  (  38  )}  )6. Be3 $146 (
6. d5 Ne5 7. f4 Ng6 ( 7... Bg4 8. Qb3 Ned7 9. h3 Nc5 10. Qb5+ Bd7 11. Qxc5 e5
12. Qf2 Be7 13. fxe5 Bh4 14. g3 Be7 15. Be3 h5 16. O-O-O Nc8 17. e6 a6 18.
Qxf7# { 1-0 Kerma,S  (  2040  )  -Knapic,A/Portoroz 1994/TD}  )8. Nf3 e6 9.
Bb5+ c6 10. dxc6 Qxd1+ 11. Kxd1 Kd8 12. Ng5 Ke7 13. Be3 bxc6 14. Bxc6 f5 15.
Bc5+ Kf6 16. Bxa8 Bxc5 17. Bc6 Nxf4 18. exf5 Kxg5 19. Ne4+ Kxf5 20. Nxc5 Rd8+ {
Evengroen,H  (  1699  )  -Westerman,R  (  1249  )  /Hengelo 2005/CBM 107
ext/1-0  (  32  )}  )( 6. Nf3 Bg4 7. Be3 e6 8. Bb5 a6 9. Bxc6+ bxc6 10. O-O Be7
11. h3 Bh5 12. g4 Bg6 13. Ne5 O-O 14. Nxc6 Qd7 15. Nxe7+ Qxe7 16. Qe2 h6 17. f4
Qh4 18. Kh2 Qe7 19. f5 exf5 20. gxf5 Bh7 { Kalinin,D  (  2129  ) 
-Airiyan,M/Vladimir 2004/CBM 102 ext/1-0  (  33  )}  )( 6. d5 Nb8 $16 )6... e5
( 6... e6 7. Nf3 $14 )7. d5 { White threatens to win material: d5xc6}  7... Ne7
{ Black is behind in developement. Black's piece can't move: f8}  8. Be2 g6 {
Covers h5}  ( 8... Ng6 9. h4 $14 )9. Qd2 ( 9. a4 Bg7 $16 )9... Bg7 10. h4 Bd7
11. Bh6 ( 11. h5 Nec8 $16 )11... Bxh6 12. Qxh6 { Traps the king in the center} 
12... a6 $2 ( 12... Ng8 $142 13. Qd2 Nf6 $16 )13. Qg7 $18 Rf8 14. Qxe5 f6 15.
Qd4 ( 15. Qg3 Bc8 $18 )15... f5 ( 15... Bc8 16. O-O-O $18 )16. O-O-O fxe4 17.
g4 ( 17. Qe5 Rxf2 18. g4 Bc8 19. Nxe4 Nd7 $18 )17... Bc8 ( 17... Bb5 18. h5 Qd6
19. Nxe4 Qxd5 20. Nf6+ Rxf6 21. Qxf6 Qxa2 22. Qh8+ Qg8 23. Qxg8+ Nxg8 24. hxg6
hxg6 25. Bf3 $18 )18. Qxe4 ( 18. Nh3 { might be the shorter path}  18... Qd6
19. Ng5 Qf4+ 20. Kb1 Qxf2 $18 )18... Rxf2 $2 ( 18... h5 $142 19. d6 cxd6 20.
gxh5 Bf5 $18 )19. Nh3 Rf8 20. h5 ( 20. Ng5 { seems even better}  20... Qd6 21.
Rhf1 Rxf1 22. Rxf1 Nxd5 23. Nxd5 Qxd5 $18 )20... gxh5 ( 20... Qd6 21. Ng5 h6
$18 )21. gxh5 $4 { White has a king attack. ruins a clearly superior position.}
 ( 21. Qxh7 Bxg4 22. Bxg4 hxg4 23. Ng5 $18 )21... Bf5 { Black threatens to win
material: Bf5xe4}  22. Qe5 Qd6 23. Qxd6 cxd6 24. Ng5 ( 24. Nf4 Rc8 25. Rd4 Nd7
$14 )24... Rf6 ( 24... Rc8 25. Ne6 Rf7 26. Ng5 $15 )25. Rhe1 ( 25. Bd3 Bxd3 26.
Rxd3 Kd7 $16 )25... O-O-O ( 25... Rc8 26. Bf3 $11 )26. Bxa6 ( 26. Rf1 Rdf8 27.
Rxf5 Rxf5 28. Bg4 $14 )26... bxa6 $2 ( 26... Nexd5 $5 $142 { and Black can hope
to survive}  27. Rxd5 bxa6 $14 )27. Rxe7 $18 Rd7 28. Rde1 ( 28. Re8+ Rd8 29.
Ree1 Rd7 $18 )28... Nc4 ( 28... h6 29. Re8+ Rd8 30. Rxd8+ Kxd8 31. Nge4 Bxe4
32. Rxe4 $16 )29. b3 Ne5 30. Re8+ Kb7 31. Kd2 ( 31. Nge4 $5 Rh6 32. Nxd6+ Rdxd6
33. R1xe5 Rxh5 $18 )31... h6 $16 32. Nge4 Bxe4 33. Rxe4 ( 33. Nxe4 Rf5 34. Rh1
Ng4 $16 )33... Rg7 ( 33... Rf5 $5 $14 { is worth looking at} )34. Re2 ( 34. Rh8
a5 $16 )34... Kc7 ( 34... Rf3 $5 35. Ne4 Rd3+ 36. Kc1 Rxd5 37. Nxd6+ Rxd6 38.
R8xe5 Rg4 $16 )35. Ne4 Rf5 36. Ra8 ( 36. Re6 $142 Nf7 37. Kc2 $18 )36... Kb7 $2
( 36... Kb6 37. Nxd6 Rxh5 38. Nc8+ Kb5 39. d6 $16 )37. Rd8 ( 37. Nxd6+ $5 { and
White can already relax}  37... Kxa8 38. Nxf5 Nf3+ 39. Kc3 Rg5 $18 )37... Kc7
$2 ( 37... Nf3+ $142 38. Ke3 Re7 $16 )38. Rxd6 $18 Rxh5 39. Rxa6 Rh3 $4 { Black
falls apart}  ( 39... Nd7 40. Ra5 Kb6 $18 )40. Ra7+ Kb6 41. Rxg7 Nf3+ ( 41...
Rd3+ { does not solve anything}  42. Kc2 Rxd5 43. Rh2 $18 )42. Kc1 Nd4 ( 42...
Ne5 $18 { desperation} )43. Rg6+ Kc7 44. d6+ Kd7 45. Nc5+ Kd8 ( 45... Kc6 {
doesn't get the bull off the ice}  46. d7+ Kc7 47. Re8 Rh1+ 48. Kb2 Rh2+ 49.
Ka3 Rxa2+ 50. Kxa2 Nc6 51. Rc8+ Kb6 52. Rcxc6+ Kb5 53. Nd3 h5 54. Rc5# )46.
Rg8#  1-0

[Event "Labour Day"]
[Site "Adelaide"]
[Date "2005.10.02"]
[Round "6.6"]
[White "Staak, Eric"]
[Black "Hughes, Peter"]
[Result "1-0"]
[Annotator "Fritz 9"]
[BlackElo "1179"]
[EventCountry "AUS"]
[EventDate "2005.10.01"]
[EventRounds "7"]
[EventType "swiss"]
[PlyCount "67"]
[WhiteElo "1398"]

{ C55: Two Knights: 4 d3, 4 d4 exd4 5 e5 and Max Lange Attack } 1. e4 e5 ( 1...
c5 2. Nc3 a6 3. Nf3 d6 4. d4 cxd4 5. Nxd4 Nf6 6. Be3 e5 7. Nb3 Be7 8. f3 Be6 9.
Qd2 Nc6 10. g4 d5 11. g5 d4 12. gxf6 Bxf6 13. Bf2 dxc3 14. Qxc3 Rc8 15. Nc5 Nd4
16. Bxd4 { Sig Vargas,M  (  2183  )  -Glavina Rossi,P  (  2417  )  /Pamplona
2002/CBM 091 ext/ 1/2-1/2  (  48  )}  )2. Nf3 Nc6 3. Bc4 Bc5 4. O-O Nf6 5. d4
exd4 6. e5 Ng4 7. Bxf7+ Kxf7 8. Ng5+ Ke8 ( 8... Kg8 9. Qxg4 h6 10. Nf3 d6 11.
Qe4 Qe7 12. Re1 dxe5 13. Nxe5 Nxe5 14. Qxe5 Qxe5 15. Rxe5 b6 16. b3 Bd7 17. Ba3
Bxa3 18. Nxa3 c5 19. Re7 Rd8 20. Rae1 Kh7 21. Kf1 Rhe8 22. R1e2 Rxe7 23. Rxe7 {
Van der Meer,J-Lovik,H/Copenhagen 2005/CBM 107 ext/1/2-1/2  (  42  )}  )9. Qxg4
Nxe5 $2 $146 ( 9... Nb4 10. a3 Nxc2 11. Qf5 Qe7 12. Qxc2 Qxe5 13. Bd2 Be7 14.
Re1 Qf6 15. Nf3 h6 16. Qxc7 Kf8 17. Qf4 Qxf4 18. Bxf4 Bf6 19. Nbd2 b6 20. Be5
Bxe5 21. Rxe5 d3 22. Rd5 Ke7 23. Rxd3 Ba6 24. Re1+ { Reichel,T  (  1268  ) 
-Becker,A  (  1410  )  /Burg Stargard 2002/CBM 092 ext/1-0}  )( 9... d6 10. e6
Qf6 11. Re1 Ne5 12. Qh5+ g6 13. Qh3 Rf8 14. Ne4 Qf5 15. Bh6 Qxh3 16. gxh3 Rf5
17. Nbd2 Bxe6 18. Nxc5 dxc5 19. f4 Nf7 20. Rxe6+ Kd7 21. Rae1 Nxh6 22. Re7+ Kc6
23. Rxh7 Rh5 24. Re6+ { Dias Fernandes,A  (  2029  )  -Johannesen,E  (  1966  )
 /Dos Hermanas 2004/CBM 099 ext/1-0}  )( 9... Qe7 10. Qg3 $16 )10. Re1 ( 10.
Qg3 $5 $142 d6 11. Ne4 $18 )10... d6 $16 11. Qg3 ( 11. Qh5+ g6 12. Qf3 Qe7 $16
)11... d3 $2 ( 11... Kf8 $5 $14 $142 { and Black is still in the game} )12.
cxd3 Qf6 $2 ( 12... Rf8 $142 13. Re2 Qd7 $18 )13. Ne4 Qg6 ( 13... Qe6 { does
not win a prize}  14. Nbc3 Rf8 15. Kh1 $18 )14. Qxg6+ hxg6 15. Nxc5 Kd8 ( 15...
Kf7 { is no salvation}  16. Nc3 $18 )16. Bg5+ Ke8 17. d4 Rh5 ( 17... Kf7 { does
not improve anything}  18. Nb3 Rh5 19. f4 Rxg5 20. fxg5 $18 )18. h4 b6 ( 18...
Kf7 { doesn't get the cat off the tree}  19. dxe5 dxc5 20. Nc3 $18 )19. Nb3 Be6
( 19... Kf8 { doesn't change the outcome of the game}  20. dxe5 dxe5 21. Nc3
$18 )20. dxe5 Kd7 ( 20... Bxb3 { doesn't do any good}  21. exd6+ Kf8 22. axb3
cxd6 23. Nc3 $18 )21. exd6 cxd6 ( 21... Bxb3 { cannot change what is in store
for ?}  22. axb3 Rxg5 23. hxg5 cxd6 24. b4 $18 )22. Nd4 Bd5 23. Re7+ Kc8 24.
Nc3 Bc4 ( 24... Kd8 { is no salvation}  25. Nxd5 Rh7 26. Nc6+ Kc8 27. Rc7# )25.
b3 Ba6 ( 25... a5 { doesn't change anything anymore}  26. bxc4 Rxh4 27. Bxh4 b5
28. Ncxb5 Ra6 29. Nc6 Rxc6 30. Na7+ Kd8 31. Nxc6+ Kc8 32. Rb1 a4 33. Rb8# )26.
Re8+ ( 26. Ne4 d5 27. Nd6+ Kb8 28. Nc6# )26... Kb7 $18 27. Rxa8 ( 27. Rae1 Be2
28. Re7+ Ka6 29. Nd5 Bf3 30. Nc7+ Kb7 31. Nxa8+ Kxa8 32. Rxg7 Rh8 33. gxf3 Rg8
34. Rxg8+ Kb7 35. Rg7+ Ka6 36. Ree7 b5 37. Rxa7+ Kb6 38. b4 d5 39. Bd8# )27...
Kxa8 28. Ne6 ( 28. Re1 $5 $142 { keeps an even firmer grip}  28... Rh8 29. Re7
Bb7 30. Rxg7 a6 31. Rxg6 Rc8 $18 )28... Rh8 29. Nc7+ Kb7 30. Nxa6 Kxa6 31. Rd1
Re8 32. Rxd6 Re1+ 33. Kh2 Rc1 34. Bxc1 ( 34. Bxc1 Kb7 35. Rxg6 $18 ) 1-0

[Event "Labour Day"]
[Site "Adelaide"]
[Date "2005.10.02"]
[Round "7.1"]
[White "Mdinaradze, Edgar"]
[Black "Sanderson, Christopher"]
[Result "1-0"]
[Annotator "Fritz 9"]
[BlackElo "1104"]
[EventCountry "AUS"]
[EventDate "2005.10.01"]
[EventRounds "7"]
[EventType "swiss"]
[PlyCount "65"]
[WhiteElo "1845"]

{ E32: Nimzo-Indian: Classical  (  4 Qc2  )  : 4...0-0 } 1. d4 Nf6 2. c4 e6 3.
Nc3 Bb4 4. Qc2 O-O 5. Bg5 h6 6. Bh4 d5 7. e3 ( 7. O-O-O Bxc3 8. Qxc3 Ne4 9. Qh3
Qe8 10. Qa3 dxc4 11. e3 b5 12. Be7 Nxf2 13. Bxf8 Qxf8 14. Qxf8+ Kxf8 15. Be2
Bb7 16. Nf3 Nxh1 17. Rxh1 Nd7 18. Rf1 a6 19. g4 Ke7 20. h4 c5 21. dxc5 Rc8 { Ng
Ee Vern  (  2224  )  -Chan Peng Kong  (  2383  )  /Singapore 2001/CBM 085
ext/0-1  (  47  )}  )( 7. Bxf6 Qxf6 8. e3 c5 9. Nf3 cxd4 10. Nxd4 dxc4 11. Bxc4
Bd7 12. Qb3 Qe7 13. O-O Nc6 14. Nxc6 Bxc6 15. Bb5 Rfc8 16. Bxc6 Rxc6 17. Rac1
Rac8 18. Ne2 Bd6 19. g3 Be5 20. Rxc6 Rxc6 21. Rc1 Qc7 { Kurecic,M-Nikolac,J  ( 
2411  )  /Sibenik 2005/CBM 106 ext/0-1  (  50  )}  )7... b6 8. cxd5 $146 ( 8.
Nf3 Bb7 9. cxd5 exd5 10. a3 Be7 11. Bd3 Nbd7 12. O-O c5 13. Rac1 Re8 14. Qd1
Ne4 15. Bxe7 Qxe7 16. Bb5 a6 17. Bxd7 Qxd7 18. Nxe4 dxe4 19. Ne5 Qd5 { 1/2-1/2
Panagopoulos,G-Papamihail,H/Patras 2001/CBM 083 ext}  )8... exd5 9. Nf3 c6 {
Secures b5}  10. Be2 ( 10. Bd3 Bd6 $14 )10... Bg4 ( 10... Re8 11. O-O $14 )11.
O-O Nbd7 ( 11... Bxc3 12. bxc3 Qd6 13. c4 $16 )12. Ne5 Bxe2 13. Nxe2 ( 13. Qxe2
$6 Qc7 14. Rac1 Qd6 ( 14... Nxe5 $143 15. Bxf6 Ng6 16. Nxd5 $16 )15. Bxf6 Nxf6
$14 )13... Be7 ( 13... Rc8 $5 $16 $142)14. Nxc6 $18 ( 14. Qxc6 $6 Rc8 15. Bxf6
Nxf6 $16 )14... Rc8 ( 14... Qe8 15. Nc3 Bd8 16. Bxf6 Nxf6 17. Nb4 $18 )15.
Nxe7+ ( 15. Rfc1 $142 { keeps an even firmer grip}  15... Qe8 16. Qf5 $18
)15... Qxe7 $16 16. Qb3 Qe4 17. Bg3 Rc2 $2 ( 17... Qc2 $5 $142 18. Nc3 Qxb3 19.
axb3 a5 $18 )18. Nc3 $18 Qf5 ( 18... Qg6 19. e4 $1 { the knockout punch}  19...
Rxc3 20. bxc3 Qxe4 21. Rfe1 $18 )19. e4 $1 { finishing the game}  19... Nxe4 {
Deflection from d5}  ( 19... Qxe4 20. Nxe4 )20. Nxd5 Re8 ( 20... Qe6 { cannot
change what is in store for ?}  21. Rae1 Rd2 22. f3 $18 )21. Qxc2 ( 21. Ne3
$142 { and White has prevailed}  21... Nd2 22. Qxc2 Qxc2 23. Nxc2 Nxf1 24. Kxf1
Nf6 $18 )21... Qxd5 22. Qa4 ( 22. Rfe1 { might be the shorter path}  22... Re6
$18 )22... b5 ( 22... Nxg3 23. hxg3 Re4 24. Rfd1 $18 )23. Qxa7 Ra8 24. Qc7 Ndf6
( 24... Ra4 { hardly improves anything}  25. Be5 $18 )25. Be5 Rxa2 ( 25... Ne8
{ is not much help}  26. Qc2 $18 )26. Rxa2 Qxa2 27. Qb8+ ( 27. Qc8+ $5 { and
White can already relax}  27... Kh7 28. Qf5+ Kh8 $18 )27... Kh7 28. Qxb5 Qe6 (
28... Qd5 { doesn't do any good}  29. Qd3 g6 30. Re1 $18 )29. Qd3 g6 ( 29...
Kg8 { a fruitless try to alter the course of the game}  30. Rc1 $18 )30. f3 (
30. Qf3 { seems even better}  30... h5 $18 )30... Ng5 ( 30... Nd6 $18 { the
last chance for counterplay} )31. h4 Nh3+ ( 31... Nd7 { cannot undo what has
already been done}  32. Bg3 $18 )32. Kh2 ( 32. gxh3 $5 $142 { makes it even
easier for White}  32... Nd7 33. f4 Qc6 $18 )32... Ng4+ ( 32... Nh5 { is one
last hope}  33. Qb5 f6 $18 )33. fxg4 ( 33. fxg4 h5 34. gxh5 Nf2 35. Rxf2 Kh6
36. hxg6 f5 37. Qxf5 Qxf5 38. Rxf5 Kxg6 39. g4 Kh7 40. Rg5 Kh6 41. b3 Kh7 42.
b4 Kh6 43. b5 Kh7 44. b6 Kh6 45. b7 Kh7 46. b8=Q Kh6 47. Qh8# ) 1-0

[Event "Labour Day"]
[Site "Adelaide"]
[Date "2005.10.02"]
[Round "7.2"]
[White "Schoech, Franz"]
[Black "Juszczynski, Mathew"]
[Result "0-1"]
[Annotator "Fritz 9"]
[BlackElo "1768"]
[EventCountry "AUS"]
[EventDate "2005.10.01"]
[EventRounds "7"]
[EventType "swiss"]
[PlyCount "58"]
[WhiteElo "1024"]

{ C01: French: Exchange Variation } 1. e4 e6 2. Nf3 d5 3. exd5 exd5 4. d4 Bd6 5.
Qe2+ ( 5. Be3 Nf6 6. Qd2 O-O 7. Bd3 Bg4 8. Ne5 Nbd7 9. f4 Re8 10. h3 Be6 {
1/2-1/2 Giessler,S-Metzger,M/Ottenau 2005/CBM 105 ext}  )5... Ne7 6. Nc3 {
White threatens to win material: Nc3xd5}  6... O-O $146 ( 6... c6 7. Bg5 f6 8.
Bh4 b5 9. a3 O-O 10. Bg3 Nf5 11. Qd3 Qa5 12. Bxd6 Nxd6 13. Qd2 Re8+ 14. Be2 Nc4
15. Qc1 b4 16. axb4 Qxb4 17. O-O Bg4 18. Bxc4 Bxf3 19. Ra4 Qd6 20. Bd3 Bh5 21.
Qa1 { Osmanodja,O  (  1579  )  -Taudte,S  (  2078  )  /Leutersdorf 2004/CBM 098
ext/1/2-1/2  (  44  )}  )7. h3 { Secures g4}  ( 7. Nb5 Nf5 8. Bg5 Bb4+ 9. c3 f6
10. cxb4 fxg5 $17 )7... Nbc6 ( 7... Re8 8. Qd1 $17 )8. Be3 $15 a5 9. Qd2 f5 (
9... Nf5 $5 $142 { should be examined more closely}  10. O-O-O Nxe3 11. fxe3
Be6 $15 )10. Bg5 $14 h6 11. Bxh6 ( 11. Bf4 Bxf4 12. Qxf4 Ng6 $14 )11... gxh6
$11 12. Qxh6 { Black wins a piece}  12... Qe8 13. Be2 Rf7 ( 13... Qg6 14. Qd2
$11 )14. Nb5 Qf8 15. Qxf8+ Kxf8 16. g3 { Prevents intrusion on f4}  16... f4 {
Black threatens to win material: f4xg3}  17. g4 { White has a new protected
passed pawn: g4}  17... Ng6 18. Nxd6 ( 18. O-O-O Rh7 $11 )18... cxd6 19. c3 {
Consolidates b4}  19... Bd7 20. O-O-O ( 20. Kd2 Rg7 $11 )20... a4 ( 20... Rh7
21. Ng5 Rh8 22. Bd3 $17 )21. a3 { Controls b4}  ( 21. Rdg1 $142 a3 22. h4 $14
)21... Nd8 $4 { Black is ruining his position}  ( 21... Rh7 $5 $15 $142 { and
Black could well hope to play on} )22. Bd3 { White threatens to win material:
Bd3xg6}  ( 22. Rdg1 Rg7 $16 )22... Kg7 ( 22... Rg7 23. Rdg1 $14 )23. Rde1 ( 23.
Rdg1 $5 $142 Re7 24. h4 $18 )23... Nc6 $14 24. Rhg1 ( 24. Reg1 $142 { is a
viable option}  24... Nge5 25. dxe5 dxe5 26. Ng5 $16 )24... Rh8 $17 25. Rh1 Re7
26. Kd2 ( 26. Rd1 Nh4 27. Ne1 f3 $19 )26... Rxe1 27. Kxe1 ( 27. Nxe1 $5 Na5 28.
Be2 $17 )27... Bxg4 $1 $19 { the decision.}  28. Ke2 $4 { simply worsens the
situation}  ( 28. hxg4 { A pinning theme}  28... Rxh1+ )28... Re8+ 29. Kd1 (
29. Kd2 { a last effort to resist the inevitable}  29... Bxf3 30. Rg1 $19
)29... Bxf3+ ( 29... Bxf3+ 30. Kd2 Bxh1 $19 ) 0-1

[Event "Labour Day"]
[Site "Adelaide"]
[Date "2005.10.02"]
[Round "7.3"]
[White "Jelic, Mato"]
[Black "Jothibabu, Anandaram"]
[Result "*"]
[Annotator "Fritz 9"]
[BlackElo "1501"]
[EventCountry "AUS"]
[EventDate "2005.10.01"]
[EventRounds "7"]
[EventType "swiss"]
[PlyCount "69"]
[WhiteElo "1701"]

{ E88: King's Indian: Sämisch: 6...e5 7 d5 c6 } 1. d4 Nf6 2. c4 g6 3. Nc3 Bg7
4. e4 d6 5. f3 O-O 6. Be3 c6 7. Qd2 e5 8. d5 a5 ( 8... Nh5 9. dxc6 Nxc6 10.
Nge2 Be6 11. g4 Nf4 12. Nxf4 exf4 13. Bxf4 Ne5 14. Bxe5 Bxe5 15. Bd3 Qf6 16.
O-O Rac8 17. Nd5 Bxd5 18. cxd5 Bxb2 19. Rab1 Bc3 20. Qe2 Rc7 21. Kh1 Qf4 22.
Rb3 Be5 23. Rbb1 { Fichtner,K  (  2102  )  -Schubert,S  (  2075  )  /Germany
1999/GER-chT/0-1}  )9. Nge2 $146 ( 9. Bd3 b5 10. Nge2 b4 11. Nd1 h5 12. Nf2 Na6
13. dxc6 Be6 14. O-O Rc8 15. b3 Rxc6 16. a4 Qc7 17. Rad1 Nc5 18. Bc2 Nfd7 19.
Nd3 Nb6 20. Nxc5 dxc5 21. Nc1 Rc8 22. Qe2 Bf8 { 1/2-1/2 Salov,V  (  2525  ) 
-Romanishin,O  (  2560  )  /Moscow 1986/MCL}  )9... Na6 10. g4 h5 ( 10... cxd5
11. cxd5 Nc5 12. Ng3 $16 )11. h3 ( 11. gxh5 $5 Nxh5 12. O-O-O $16 )11... cxd5
$14 12. cxd5 Bd7 13. Ng3 { White has an active position}  13... h4 { Black
threatens to win material: h4xg3}  14. Nge2 Nh7 15. g5 Rc8 16. a4 Nb4 { Black
can be proud of that piece}  ( 16... f5 17. gxf6 Qxf6 18. Bg2 $15 )17. Nc1 (
17. Bg2 f6 18. gxf6 Bxf6 $11 )17... f5 $15 { Nimzovich: attack the chain at its
base}  18. gxf6 Qxf6 19. Be2 g5 ( 19... Qd8 $5 $11)20. Nd3 $14 Nxd3+ 21. Qxd3
Bh6 { Black's piece can't move: h7}  22. Kd2 { White loses the right to castle}
 ( 22. Ra3 Rf7 $14 )22... Kh8 { Black's piece can't move: h7}  23. Rag1 Qd8 24.
Bd1 Qc7 ( 24... Nf6 25. Kc1 Nh5 26. Kb1 $11 )25. Be2 ( 25. Kc1 b5 26. axb5 a4
$16 )25... b6 { Covers c5}  ( 25... Qd8 $5 $11 { looks like a viable
alternative} )26. Rc1 $14 Qb7 ( 26... Qd8 27. Nb5 $14 )27. Nb5 ( 27. Qa6 Qb8
$16 )27... Rxc1 ( 27... Rf6 $5 $16)28. Kxc1 Rc8+ 29. Kb1 Bxb5 ( 29... Bf8 $18
$142)30. Qxb5 ( 30. axb5 $6 Nf6 $16 )30... Rb8 ( 30... Kg7 31. Qxb6 Rb8 32.
Qxb7+ Rxb7 33. Rg1 $18 )31. Rc1 ( 31. Qc6 { keeps an even firmer grip}  31...
Bf8 $18 )31... Nf6 32. Qc6 Ne8 ( 32... Qe7 $18)33. Qxb7 Rxb7 34. Rc8 Re7 (
34... Kh7 { the only chance to get some counterplay}  35. Rxe8 g4 36. Bxh6 gxh3
$18 )35. Bb5 ( 35. Bxb6 $5 { makes it even easier for White}  35... Kg7 36.
Bxa5 Nf6 $18 ) *

[Event "Labour Day"]
[Site "Adelaide"]
[Date "2005.10.02"]
[Round "7.4"]
[White "Eustace, Sophie"]
[Black "Ross, Bill"]
[Result "1/2-1/2"]
[Annotator "Fritz 9"]
[BlackElo "1435"]
[EventCountry "AUS"]
[EventDate "2005.10.01"]
[EventRounds "7"]
[EventType "swiss"]
[PlyCount "53"]
[WhiteElo "1153"]

{ B33: Sicilian: Pelikan and Sveshnikov Variations } 1. e4 c5 2. Nf3 Nc6 3. d4
cxd4 4. Nxd4 Nf6 5. Nc3 e5 6. Nxc6 dxc6 7. Qxd8+ Kxd8 { Black loses the right
to castle}  8. Bd3 $146 ( 8. Bc4 Bb4 9. Bd3 Ke7 10. a3 Ba5 11. b4 Bb6 12. O-O
Bd4 13. Bb2 Be6 14. Nd1 Bg4 15. Bxd4 exd4 16. c3 Bxd1 17. Raxd1 dxc3 18. e5 Nd5
19. Rfe1 Rad8 20. Re4 Nb6 21. Bc2 Rxd1+ 22. Bxd1 Rd8 { Chua Ai Xin,E-Pham Hong
Minh/Thailand 2005/CBM 106 ext/0-1}  )( 8. Bd2 Be6 9. O-O-O Kc7 10. Kb1 Bb4 11.
f3 h6 12. a3 Bc5 13. Be2 Nd7 14. f4 f6 15. f5 Bf7 16. Rhf1 Nb6 17. Bc1 Nc4 18.
Rd3 Rad8 19. Rfd1 Bd4 20. Na2 Bc5 21. Bf3 Rxd3 22. Rxd3 Rd8 { Wigboldus,D  ( 
1438  )  -Akkersdijk,E  (  1573  )  /Hengelo 2005/CBM 107 ext/1/2-1/2}  )8...
Bb4 9. Bd2 Be6 10. O-O Ke7 11. a3 { White threatens to win material: a3xb4} 
11... Bd6 12. Rad1 Rhd8 13. Bg5 h6 { Black threatens to win material: h6xg5} 
14. Be3 Kf8 15. h3 { Consolidates g4}  15... Rd7 16. Rfe1 b5 17. Rd2 a5 18.
Red1 Be7 19. f3 { Prevents intrusion on g4}  ( 19. Ne2 Bd6 $11 )19... Rad8 20.
Bb6 { White threatens to win material: Bb6xd8}  20... Ra8 ( 20... Rb8 21. Be3
a4 $15 )21. Be2 ( 21. Be3 a4 $15 )21... Rb7 { Black threatens to win material:
Rb7xb6}  ( 21... b4 22. Na4 Rxd2 23. Rxd2 $19 )22. Bd8 ( 22. Be3 $5 $15)22...
Bc5+ $17 23. Kh2 Bd4 24. Bxf6 gxf6 25. Kg3 Rd7 ( 25... Ke7 $5 $17)26. f4 $15
exf4+ 27. Kxf4  1/2-1/2